书目信息 |
| 题名: |
基本建设经济辞典
|
|
| 作者: | 关连升 主编 | |
| 分册: | ||
| 出版信息: | 长春 吉林人民出版社 1986 |
|
| 页数: | 558页 | |
| 开本: | 19cm | |
| 丛书名: | ||
| 单 册: | ||
| 中图分类: | F123.6-61 | |
| 科图分类: | ||
| 主题词: | 基本建设--国民经济计划--中国--词典 , 基本建设--经济管理--中国--词典 | |
| 电子资源: | ||
| ISBN: | ||
| 000 | 00689nam0 2200229 45 | |
| 001 | 0186003660 | |
| 005 | 20050401110641.0 | |
| 010 | @dCNY4.40@b精装 | |
| 100 | @a19951019d1986 em y0chiy0121 ea | |
| 101 | 0 | @achi |
| 102 | @aCN@b220000 | |
| 105 | @ay z 000yy | |
| 200 | 10 | @a基本建设经济辞典@Aji ben jian she jing ji ci dian@f关连升主编@FGuan Lian Sheng Zhu Bian |
| 210 | @a长春@c吉林人民出版社@d1986 | |
| 215 | @a558页@d19cm | |
| 606 | 0 | @a基本建设@x国民经济计划@x中国@x词典 |
| 606 | 0 | @a基本建设@x经济管理@x中国@x词典 |
| 690 | @aF123.6-61@v3 | |
| 701 | 0 | @a关连升@4主编 |
| 801 | 0 | @aCN@b深圳图书馆@c20050401 |
| 801 | 2 | @aCN@bNLC@c20050401 |
| 905 | @f2@b165006-007@dF123.6-61@e50 | |
| 基本建设经济辞典/关连升主编.-长春:吉林人民出版社,1986 |
| 558页;19cm |
| ISBN (精装):CNY4.40 |
| ● |
| 相关链接 |
|
|
|
|
正题名:基本建设经济辞典
索取号:F123.6-61/50
 
预约/预借
| 序号 | 登录号 | 条形码 | 馆藏地/架位号 | 状态 | 备注 |
| 1 | 0165006 | 001571775 | 密集书库/ [索取号:F123.6-61/50] | 在馆 | |
| 2 | 0165007 | 001571784 | 密集书库/ [索取号:F123.6-61/50] | 在馆 | |
| 3 | 0165008 | 001571793 | 第一样本阅览室/ [索取号:F123.6-61/50] | 在馆 |